000 00821nam a2200241Ia 4500
008 191130s2005##################000#0#eng##
020 _a9780333739198
022 _a2004062716
040 _aACL
_cACL
082 _a351.41 MAS
100 _aMassey, Andrew
245 _aPublic management and modernisation in Britain
_cAndrew Massey and Robert Pyper
260 _aBasingstoke, Hampshire
_bPalgrave Macmillan
_c2005
300 _aviii, 198 p. ; 22 cm
500 _aIncludes bibliographical references (p. 179-191) and index
650 _aAdministrative agencies - Great Britain - Management
650 _aOrganizational change - Great Britain
650 _aPublic administration - Great Britain
700 _aPyper, Robert
990 _a225a1e7aac10000c09ce755b070fb0ab
991 _a47450
999 _c47181
_d47181